• 首页
  • 本馆介绍
  • 公告通知
  • 最新文献
  • 馆藏检索
  • 电子资源
  • 读者导购
  • 参考咨询
  • 我的图书馆
  • 登录
  • 详细信息显示
  • 放入我的书架
  • 预约/预借图书
  • 作者相关作品
  • 分类相关作品
  • 丛书相关作品
  • 出版社相关作品

书目信息

  • 表格格式
  • 工作单格式
  • 卡片格式
题名:
文科综合
    
 
作者: ;全国高考试题研究组 编
分册:  
出版信息: 北京   北京教育出版社  2004
页数: 406页
开本: 20cm
丛书名:
单 册:
中图分类: G632.479
科图分类:
主题词: 文科(教育)--高中--升学参考资料
电子资源:
ISBN: 7-5303-2168-4
000 00691nam0 2200229 450
001 1575156974
005 20150207104844.73
010    @a7-5303-2168-4@dCNY18.00
100    @a20040319d2004 em y0chiy0110 ea
101 0  @achi
102    @aCN@b110000
105    @aa z 000yy
200 1  @a文科综合@Awen ke zong he@e彩色图文版@Ecai se tu wen ban@f全国高考试题研究组编
210    @a北京@c北京教育出版社@d2004
215    @a406页@d20cm
300    @a北教版金牌彩色教辅
606 0  @a文科(教育)@x高中@j升学参考资料
686    @aC455
690    @aG632.479@v4
711 02 @a全国高考试题研究组@Aquan guo gao kao shi ti yan jiu zu@4编
801  0 @aCN@bNLC@c20101222
905    @aZUCC@dG632.479@eJY45
    
    文科综合:彩色图文版/全国高考试题研究组编.-北京:北京教育出版社,2004
    406页;20cm
    北教版金牌彩色教辅
    
    ISBN 7-5303-2168-4:CNY18.00
    
●
相关链接 在E读中查询图书 在五车中查询图书 在当当中查询图书 在豆瓣中查询图书


正题名:文科综合     索取号:G632.479/JY45         预约/预借

序号 登录号 条形码 馆藏地/架位号 状态 备注
1 7838509   278385098   学院路分馆/ [索取号:G632.479/JY45] 在馆    
2 7838510   278385105   学院路分馆/ [索取号:G632.479/JY45] 在馆    
唐山师范学院图书馆 欢迎您!
大连网信软件有限公司© 版权所有